Bilecik Bilecik Bilecik Bilecik Bilecik

Divan-ı Kebir : (Record no. 9645)

MARC details
000 -BAŞLIK
Sabit Uzunluktaki Kontrol Alanı 01017nam a22003377a 4500
001 - KONTROL NUMARASI
Control Dosyası 0009673
003 - KONTROL NUMARASI KİMLİĞİ
Kontrol Alanı KOHA_MİRAKIL
005 - EN SON İŞLEM TARİHİ ve ZAMANI
Kontrol Alanı 20260207001718.0
007 - FİZİKSEL TANIM SABİT ALAN - GENEL BİLGİ
Sabit uzunluklu kontrol alanı ta
008 - SABİT UZUNLUKTAKİ VERİ ÖGELERİ - GENEL BİLGİ
Sabit Alan 091022b2006 tu |||gr||||#||||1|tur |
020 ## - ISBN - ULUSLARARASI STANDART KİTAP NUMARASI
Isbn 9754373248
Nitelik bilgileri tk 4754373256
-- c.1
040 ## - KATALOGLAMA KAYNAĞI
Özgün Kataloglama Kurumu TR-BiSEU
Kataloglama Dili tur
Çeviri Kurumu TR-BiSEU
Açıklama Kuralları rda
041 0# - DİL KODU
Metin ya da ses kaydının dil kodu tur
044 ## - YAYINLAYAN/ÜRETEN KURULUŞUN ÜLKE KODU
ISO country code tu
050 ## - SINIFLAMA ve YER NUMARASI
Sınıflama Numarası PK6481
Yer Numarası .M48 2006
100 0# - KİŞİ ADI
Yazar Adı (Kişi adı) Mevlan Celaleddin Rumi .
245 1# - ESER ADI BİLDİRİMİ
Başlık Divan-ı Kebir :
Alt Eseradı vb. seçmeler/
Sorumluluk Bildirimi Mevlan Celaleddin Rumi ; Mevlan Celaleddin Rumi; editör Şefik Can.
264 #1 - ÜRERİM, YAYIN, DAĞITIM ve TELİF BİLDİRİMİ
Yayın yeri İstanbul :
Yayınlayan Ötüken
Yayın tarihi 2006
300 ## - FİZİKSEL TANIMLAMA
Sayfa, Cilt vb. 4 c.
336 ## - İÇERİK TÜRÜ
Content type term metin
Content type code txt
Source rdacontent
337 ## - MEDYA TÜRÜ
Media type term aracısız
Media type code n
Source rdamedia
338 ## - TAŞIYICI TÜRÜ
Carrier type term cilt
Carrier type code nc
Source rdacarrier
490 1# - DİZİ BİLDİRİMİ
Dizi Bildirimi Ötüken yayın ;
Cilt Numarası nu: 456.
490 1# - DİZİ BİLDİRİMİ
Dizi Bildirimi Kültür serisi ;
Cilt Numarası 179
500 ## - GENEL NOT
Genel Not Dizin var.
650 #0 - KONU BAŞLIĞI EK GİRİŞ - KONU TERİMİ
Konusal terim veya coğrafi ad Mevleviyeh--Turkey.
9 (RLIN) 23909
650 #0 - KONU BAŞLIĞI EK GİRİŞ - KONU TERİMİ
Konusal terim veya coğrafi ad Turkish poetry.
9 (RLIN) 3912
830 1# - SERİ EK GİRİŞİ - TEKBİÇİM ESER ADI
Tekbiçim Başlık Ötüken yayın ;
Volume number/sequential designation nu: 456.
9 (RLIN) 18980
830 1# - SERİ EK GİRİŞİ - TEKBİÇİM ESER ADI
Tekbiçim Başlık Kültür serisi ;
Volume number/sequential designation 179
9 (RLIN) 5523
942 ## - EK GİRİŞ ÖGELERİ (KOHA)
Source of classification or shelving scheme Library of Congress Classification
Koha item type Book
Holdings
Materyal Türü Kalıcı Konum Mevcut Konum Raf Yeri Sınıflandırma Kaynağı Edinim Bilgisi Ana Konular Alt Konular Yer Numarası Cilt Bilgisi Demirbaş Numarası Fatura Tarihi Maliyet, Alış Fiyatı Maliyet, Yenileme Fiyatı Geri Çekilme Durumu Kayıp Durumu Hasarlı Durumu Kredi için değil Kayıt Tarih Toplam Ödünçverme Son Görülme Tarihi Son Kontrol Tarihi Genel / Bağış Notu
Book Prof. Dr. Azmi Özcan Kütüphanesi Prof. Dr. Azmi Özcan Kütüphanesi Birûni Salonu Library of Congress Classification Bağış DİL VE EDEBİYAT Hint-İran Dilleri ve Edebiyatları PK6481 .M48 2006 c.1 0009673 13/08/2010 20.00 20.00         22/10/2009 12 05/12/2024 05/12/2024 Ötüken Yayınevi
Book Prof. Dr. Azmi Özcan Kütüphanesi Prof. Dr. Azmi Özcan Kütüphanesi Birûni Salonu Library of Congress Classification Bağış DİL VE EDEBİYAT Hint-İran Dilleri ve Edebiyatları PK6481 .M48 2006 c.2 0009681 13/08/2010 20.00 20.00         22/10/2009 3 05/12/2024 05/12/2024 Ötüken Yayınevi
Book Prof. Dr. Azmi Özcan Kütüphanesi Prof. Dr. Azmi Özcan Kütüphanesi Birûni Salonu Library of Congress Classification Bağış DİL VE EDEBİYAT Hint-İran Dilleri ve Edebiyatları PK6481 .M48 2006 c.3 0009682 13/08/2010 20.00 20.00         22/10/2009   05/12/2024 05/12/2024 Ötüken Yayınevi
Book Prof. Dr. Azmi Özcan Kütüphanesi Prof. Dr. Azmi Özcan Kütüphanesi Birûni Salonu Library of Congress Classification Bağış DİL VE EDEBİYAT Hint-İran Dilleri ve Edebiyatları PK6481 .M48 2006 c.4 0009684 13/08/2010 20.00 20.00         22/10/2009 1 05/12/2024 05/12/2024 Ötüken Yayınevi